Riconosci la Squadra di calcio - Quiz n°326 - Statistics

Statistiche generali
  • Questo quiz è stato fatto 5 volte
  • Il punteggio medio è 7 su 9
Statistiche sulle risposte
Indizio Risposta % Corretto
Titoli nazionali 5 Titoli di Germania2 Bundesliga 2
100%
Colori sociali Bianco, rosso
100%
Trofei internazionali 2 Coppa Intertoto UEFA
80%
Divisione nazionale 2023-2024 Prima
80%
Confederazione UEFA
80%
Fondazione 1893
60%
Trofei nazionali 3 Coppe di Germania 1 Supercoppe di Germania
60%
Capienza Stadio 60 441 posti
60%
Squadra Stoccarda
60%
Nessun quiz corrispondente trovato
Distribuzione punteggi
Percentuale di utenti per punteggio
Percentile per numero di risposta
I tuoi punteggi nel tempo
Non hai fatto questo quiz